Obras completas / (Record no. 72758)

MARC details
000 -LEADER
campo de control de longitud fija 00658nam a2200193 i 4500
001 - NÚMERO DE CONTROL
campo de control 72758
003 - IDENTIFICADOR DE NÚMERO DE CONTROL
campo de control ES-MaACL
005 - FECHA Y HORA DE LA ÚLTIMA TRANSACCIÓN
campo de control 20240228172243.0
007 - CAMPO FIJO DE DESCRIPCIÓN FÍSICA--INFORMACIÓN GENERAL
campo de control de longitud fija t|
008 - DATOS DE LONGITUD FIJA--INFORMACIÓN GENERAL
campo de control de longitud fija 040902m19571958sp ||||1| spa d
100 1# - ENTRADA PRINCIPAL--NOMBRE DE PERSONA
Nombre de persona Goethe, Johann Wolfgang von,
Fechas asociadas al nombre 1749-1832
9 (RLIN) 57568
245 10 - MENCIÓN DEL TÍTULO
Título Obras completas /
Mención de responsabilidad, etc. Johann W. Goethe ; recopilación, traducción, estudio preliminar, prólogo y notas de Rafael Cansinos Assens.
250 ## - MENCION DE EDICION
Mención de edición [3ª ed.].
260 ## - PUBLICACIÓN, DISTRIBUCIÓN, ETC.
Lugar de publicación, distribución, etc. Madrid :
Nombre del editor, distribuidor, etc. Aguilar,
Fecha de publicación, distribución, etc. 1957-58 (
Fabricante Dirección)
300 ## - DESCRIPCIÓN FÍSICA
Extensión 3 t. ;
Dimensiones 18 cm.
700 1# - ENTRADA AGREGADA--NOMBRE PERSONAL
Nombre de persona Cansinos Asséns, Rafael,
Fechas asociadas al nombre 1882-1964
9 (RLIN) 34616
852 ## - LOCALIZACIÓN
Ubicación ES-MaACL
Número de control de estantería C-15189-1
Sublocalización o colección R.42259
Holdings
Estatus retirado Estado de pérdida Estado de daño No para préstamo Biblioteca de origen Biblioteca actual Ubicación en estantería Fecha de adquisición Fuente de adquisición Total de préstamos Signatura topográfica completa Código de barras Visto por última vez Precio de reemplazo Tipo de ítem Koha
        Biblioteca del Ateneo de Madrid Biblioteca del Ateneo de Madrid Ficheros 17/01/2008     C-15189-1 1076164 23/02/2023 23/02/2023 Libro impreso